The panorama of the Renaissance

Saved in:
Bibliographic Details
Other Authors: Aston, Margaret (edtf)
Format: Book
Language:English
Published: London : Thames and Hudson, c1996.
Subjects:
Tags: Add Tag
No Tags, Be the first to tag this record!

MARC

LEADER 00000cam a2200000 i 4500
001 1/36151
008 061025s1996 enk| ||| |||| ||eng||
020 |a 0500017271 
035 |l 10085742 
040 |a GR-MyUa  |b gre  |e AACR2 
041 0 |a eng 
082 7 |a 940.21   |2 (22) 
245 0 4 |a The panorama of the Renaissance /   |c edited by Margaret Aston. 
260 |a London :   |b Thames and Hudson,   |c c1996. 
300 |a 367 σ. :   |b εικ. (μερικές έγχρ.) ;   |c 29 εκ. 
500 |a Υπότιτλος στο εξώφυλλο: "A completely new and thought-provoking exploration of the era of re-awakening, invention and achievement". 
504 |a Βιβλιογραφία: σ. 354-357. Ευρετήριο. 
650 0 |a Renaissance. 
650 0 |a Renaissance  |x Pictorial works. 
700 1 |a Aston, Margaret,  |e edtf 
852 |a INST  |b SYROS  |e 20061025  |h 940.21 PAN  |p 005500004931  |q 005500004931  |t BK  |y 0 
901 |a BIBL5-2007-2 
922 |a 5ΕΛΗ  |b 200610  |c Βιβλιοθήκη Σύρου  |d Μιχαλόπουλος 
950 |a 188-2006-09-18 
970 |a Καγιαβά  |b Ειρήνη  |z 24/05/2007